[Event "9eme Open International de La Fere"]
[Site "La Fere (FRA)"]
[Date "2010.??.??"]
[Round "3.21"]
[White "Soveaux, Jean"]
[Black "Brugge, Bruno"]
[Result "0-1"]
[WhiteElo "1932"]
[BlackElo "1730"]
[PlyCount "128"]
[EventDate "2010.??.??"]

1. d4 Nf6 2. c4 g6 3. Nc3 Bg7 4. Nf3 d6 5. e3 O-O 6. Be2 c5 7. O-O a6 8. a3 Bf5
9. Bd3 Bxd3 10. Qxd3 Nfd7 11. Rd1 Nc6 12. Rb1 Rb8 13. b4 b6 14. b5 axb5 15.
Nxb5 Ra8 16. Bd2 Na7 17. Rb3 Nxb5 18. Rxb5 Ra6 19. Rdb1 Qc7 20. R1b3 cxd4 21.
exd4 Rc8 22. Rc3 Nb8 23. Rc1 Nc6 24. g3 Ra4 25. d5 Ne5 26. Nxe5 Bxe5 27. Bb4
Ra7 28. Rc2 Rb7 29. h4 Qd7 30. Kg2 Qg4 31. Bd2 Qd4 32. Qe2 Qa1 33. Bb4 Rcb8 34.
h5 Bd4 35. h6 Bf6 36. Qe3 Qd4 37. Qe2 Qe5 38. Qf3 Qg5 39. Bd2 Qe5 40. Bf4 Qa1
41. Rb3 Be5 42. Rc1 Qa2 43. Bxe5 dxe5 44. Qe3 f6 45. Rcb1 Qc2 46. Rb4 Rc8 47.
Rc1 Qa2 48. Rxb6 Rxb6 49. Qxb6 Kf8 50. Qe6 Rd8 51. Qb6 Rd6 52. Qb8+ Kf7 53. Qh8
Qd2 54. Qxh7+ Ke8 55. Qxg6+ Kd7 56. Rc2 Qd1 57. Qe4 Qh5 58. c5 f5 59. Qa4+ Kd8
60. cxd6 e4 61. dxe7+ Kxe7 62. Rc7+ Kf6 63. Qc6+ Ke5 64. Re7+ Kd4 0-1

[Event "9eme Open International de La Fere"]
[Site "La Fere (FRA)"]
[Date "2010.??.??"]
[Round "3.22"]
[White "Rigolot, Lucie"]
[Black "Eeckhout, Jean-Louis"]
[Result "1/2-1/2"]
[WhiteElo "1902"]
[BlackElo "1713"]
[PlyCount "110"]
[EventDate "2010.??.??"]

1. e4 c5 2. Nf3 d6 3. d4 cxd4 4. Nxd4 Nf6 5. Nc3 a6 6. Bc4 e6 7. O-O Qc7 8. Bb3
Nc6 9. Be3 Be7 10. f4 Bd7 11. Qf3 Nxd4 12. Bxd4 Bc6 13. Rfe1 b5 14. a3 O-O 15.
Bf2 Qb7 16. g4 a5 17. g5 Nd7 18. Rad1 Nc5 19. Bxc5 dxc5 20. a4 c4 21. axb5 Bxb5
22. Ba4 Bxa4 23. Nxa4 Qc6 24. b3 Bb4 25. Rf1 Rad8 26. Qe2 c3 27. Rd3 Rxd3 28.
Qxd3 Qc7 29. f5 Rd8 30. Qg3 e5 31. Kg2 Rd2+ 32. Rf2 Rxf2+ 33. Qxf2 Qd6 34. Qe2
Qd2 35. Qxd2 cxd2 36. Nb2 Kf8 37. Kf3 Ke7 38. Ke2 Kd6 39. Nc4+ Kc5 40. Nxe5 Kd4
41. Nf3+ Kxe4 42. Nxd2+ Kxf5 43. h4 Bxd2 44. Kxd2 Ke5 45. c3 f5 46. gxf6 gxf6
47. Ke3 h5 48. c4 f5 49. Kd3 f4 50. Kd2 Kd4 51. Ke2 Ke4 52. Kf2 f3 53. Kf1 Kf4
54. Kf2 Ke4 55. Kf1 Kd4 1/2-1/2

[Event "9eme Open International de La Fere"]
[Site "La Fere (FRA)"]
[Date "2010.??.??"]
[Round "3.23"]
[White "Sivertsen, Aage"]
[Black "Paillard, Maximilien"]
[Result "0-1"]
[WhiteElo "1876"]
[BlackElo "1578"]
[PlyCount "104"]
[EventDate "2010.??.??"]

1. e4 Nc6 2. d4 d5 3. e5 Bf5 4. Bd3 Nxd4 5. Bxf5 Nxf5 6. Qd3 Qd7 7. Nf3 e6 8.
O-O Bc5 9. a4 a6 10. Nbd2 Nge7 11. Nb3 Ba7 12. Bg5 Nc6 13. c4 h6 14. Bd2 O-O-O
15. g4 Nfe7 16. c5 f6 17. exf6 gxf6 18. Nfd4 e5 19. Nf5 Nxf5 20. gxf5 e4 21.
Qh3 Ne5 22. Be3 Nf3+ 23. Kh1 d4 24. Rfd1 d3 25. Nd2 Nxd2 26. Rxd2 Qd5 27. b4
Qe5 28. Rc1 Rd5 29. c6 Bxe3 30. cxb7+ Kxb7 31. Qxe3 Qxf5 32. h3 Qe5 33. Rg1 f5
34. f3 Qd4 35. Qf4 e3 36. Qxd4 Rxd4 37. Rdd1 d2 38. Rg2 Re8 39. Re2 f4 40. Kg1
Rxb4 41. Kf1 Rc4 42. Rg2 Rxa4 43. Ke2 Rc4 44. Rg4 Rc1 45. Rgg1 Rxd1 46. Rxd1 c5
47. Rg1 c4 48. Rg4 Rd8 49. Rg7+ Kb8 50. Rg1 d1=Q+ 51. Rxd1 Rxd1 52. Kxd1 Kc7
0-1

[Event "9eme Open International de La Fere"]
[Site "La Fere (FRA)"]
[Date "2010.??.??"]
[Round "3.24"]
[White "Calonne, Pascal"]
[Black "Cardon, Pierre"]
[Result "0-1"]
[WhiteElo "1559"]
[BlackElo "1871"]
[PlyCount "55"]
[EventDate "2010.??.??"]

1. Nf3 d5 2. d4 Nf6 3. g3 Bf5 4. Bg2 Nc6 5. c3 Qd7 6. O-O Bh3 7. Re1 Bxg2 8.
Kxg2 h5 9. Nbd2 h4 10. Nxh4 g5 11. Nhf3 Qh3+ 12. Kg1 O-O-O 13. Nf1 g4 14. Nh4
Ne4 15. f3 Nf6 16. e4 gxf3 17. Qxf3 Rxh4 18. Bg5 Rxe4 19. Bxf6 exf6 20. Rxe4
dxe4 21. Qxe4 Bd6 22. Ne3 Rh8 23. Ng4 Qh5 24. Rf1 Be7 25. b4 Qg6 26. Qf5+ Qxf5
27. Rxf5 Kd7 28. Nxf6+ 0-1

[Event "9eme Open International de La Fere"]
[Site "La Fere (FRA)"]
[Date "2010.??.??"]
[Round "3.25"]
[White "Derigny, Philippe"]
[Black "Nicolas, Christian"]
[Result "1/2-1/2"]
[WhiteElo "1986"]
[BlackElo "1830"]
[PlyCount "109"]
[EventDate "2010.??.??"]

1. e4 d6 2. d4 Nf6 3. Nc3 g6 4. Bg5 Bg7 5. e5 Nfd7 6. exd6 cxd6 7. Nf3 Qa5 8.
Qd2 h6 9. Be3 Nc6 10. Bc4 a6 11. O-O Nf6 12. d5 Ne5 13. Nxe5 dxe5 14. h3 g5 15.
a3 O-O 16. b4 Qc7 17. Bb3 b5 18. Rad1 Rd8 19. Bc5 Ne8 20. Qe3 Rb8 21. Rfe1 Nd6
22. a4 f5 23. axb5 axb5 24. Qe2 Bd7 25. Nb1 Bf6 26. f3 Kg7 27. Nd2 Nb7 28. Qf2
Rdc8 29. Ba7 Ra8 30. Qb6 Nd6 31. Qxc7 Rxc7 32. Bb6 Rcc8 33. Ra1 h5 34. Rxa8
Rxa8 35. c4 bxc4 36. Nxc4 Bb5 37. Na5 e4 38. Rc1 exf3 39. gxf3 g4 40. hxg4 fxg4
41. fxg4 hxg4 42. Bd1 Rg8 43. Nb3 Nf5 44. Bc2 Nh4 45. Be4 Bg5 46. Bd4+ Kh6 47.
Re1 Rf8 48. Bf2 Nf3+ 49. Bxf3 gxf3 50. Nd4 Bc4 51. Ne6 Rg8 52. Kh2 Bd2 53. Rg1
Rxg1 54. Bxg1 Bxb4 55. Be3+ 1/2-1/2

[Event "9eme Open International de La Fere"]
[Site "La Fere (FRA)"]
[Date "2010.??.??"]
[Round "3.26"]
[White "Dumas, Victor"]
[Black "Van Foreest, Jorden"]
[Result "1-0"]
[WhiteElo "1865"]
[BlackElo "1819"]
[PlyCount "59"]
[EventDate "2010.??.??"]

1. e4 c5 2. d4 cxd4 3. c3 d3 4. Bxd3 e6 5. Nf3 d6 6. O-O Nf6 7. Re1 Be7 8. c4
Nbd7 9. Nc3 O-O 10. Bf4 a6 11. Qd2 Ng4 12. h3 Nge5 13. Nxe5 dxe5 14. Bg3 Bg5
15. Qe2 Qc7 16. b4 Nb8 17. Qb2 f6 18. c5 Nc6 19. Na4 a5 20. Nb6 Ra7 21. b5 Nb4
22. Be2 Rd8 23. Red1 Rd4 24. Rxd4 f5 25. Rad1 f4 26. Rc4 fxg3 27. a3 gxf2+ 28.
Kf1 Be3 29. axb4 Bd4 30. Rcxd4 1-0

[Event "9eme Open International de La Fere"]
[Site "La Fere (FRA)"]
[Date "2010.??.??"]
[Round "3.27"]
[White "Daniel, Antoine"]
[Black "Obert, Julien"]
[Result "1-0"]
[WhiteElo "1863"]
[BlackElo "1816"]
[PlyCount "61"]
[EventDate "2010.??.??"]

1. e4 c5 2. Nc3 Nc6 3. f4 d6 4. Nf3 g6 5. Bc4 Bg7 6. d3 Nf6 7. h3 e6 8. Bb3 a6
9. a4 O-O 10. Be3 b6 11. g4 Bb7 12. Qe2 d5 13. e5 Nd7 14. d4 cxd4 15. Nxd4 Nxd4
16. Bxd4 Rc8 17. Qe3 Re8 18. h4 f6 19. O-O-O fxe5 20. fxe5 Qc7 21. Rde1 Nc5 22.
h5 b5 23. hxg6 hxg6 24. Qh3 Nxb3+ 25. cxb3 Re7 26. Qh7+ Kf8 27. Rhf1+ Ke8 28.
Qxg6+ Kd7 29. Rf7 Rxf7 30. Qxf7+ Kd8 31. Qg8+ 1-0

[Event "9eme Open International de La Fere"]
[Site "La Fere (FRA)"]
[Date "2010.??.??"]
[Round "3.28"]
[White "Koechler, Thomas"]
[Black "Jean, Robert"]
[Result "1-0"]
[WhiteElo "1299"]
[BlackElo "1832"]
[PlyCount "58"]
[EventDate "2010.??.??"]

1. e4 c5 2. Nf3 d6 3. Bc4 e6 4. Nc3 a6 5. a4 Nc6 6. O-O Nf6 7. d4 cxd4 8. Nxd4
Be7 9. Be3 O-O 10. Qe2 Qc7 11. Rad1 Nxd4 12. Bxd4 Bd7 13. e5 Ne8 14. Bd3 dxe5
15. Bxe5 Qc8 16. f4 Bc6 17. Ne4 h6 18. Ng3 Nf6 19. f5 Re8 20. fxe6 Bc5+ 21. Kh1
Rxe6 22. Bf5 Bxa4 23. Bxe6 Qxe6 24. Bxf6 Qxe2 25. Nxe2 gxf6 26. b3 Bc6 27. Rxf6
Kg7 28. Rdf1 Bd5 29. R6f5 Rd8 1-0

[Event "9eme Open International de La Fere"]
[Site "La Fere (FRA)"]
[Date "2010.??.??"]
[Round "3.29"]
[White "Molet, Asher"]
[Black "Alloui-Cros, Baptiste"]
[Result "1-0"]
[WhiteElo "1830"]
[BlackElo "1510"]
[PlyCount "71"]
[EventDate "2010.??.??"]

1. d4 d5 2. Nf3 Nc6 3. c3 Nf6 4. Nbd2 Bf5 5. e3 e6 6. Qa4 Bd6 7. Bb5 Qd7 8. Ne5
Bxe5 9. dxe5 Ne4 10. Nb3 a6 11. f3 O-O 12. Bxc6 bxc6 13. fxe4 dxe4 14. O-O Rfd8
15. Nd4 Bg4 16. Qxc6 Qxc6 17. Nxc6 Rd3 18. Nb4 Rd7 19. h3 Bh5 20. g4 Bg6 21.
Nc6 h5 22. Kf2 hxg4 23. hxg4 f6 24. Ke2 f5 25. gxf5 Bh5+ 26. Kf2 Rf8 27. Kg3
Rxf5 28. Rxf5 exf5 29. Nd4 g5 30. Nxf5 Rd1 31. b4 Rf1 32. Nd4 Rg1+ 33. Kf2 Rh1
34. a4 Kf7 35. Nb3 Ke6 36. Bb2 1-0

[Event "9eme Open International de La Fere"]
[Site "La Fere (FRA)"]
[Date "2010.??.??"]
[Round "3.30"]
[White "Pytel, Bozena"]
[Black "Gaubert, Virginie"]
[Result "1-0"]
[WhiteElo "1964"]
[BlackElo "1674"]
[PlyCount "89"]
[EventDate "2010.??.??"]

1. Nf3 Nf6 2. d4 c5 3. c4 e6 4. Nc3 cxd4 5. Nxd4 Nc6 6. Nc2 Bc5 7. e4 Qb6 8.
Qe2 O-O 9. f3 d5 10. e5 Nd7 11. f4 dxc4 12. Qxc4 Bb4 13. Be3 Qa5 14. Nxb4 Nxb4
15. Rc1 Nb6 16. Qc5 Nc6 17. Qxa5 Nxa5 18. Nb5 Nc6 19. g3 Nd5 20. Bc5 Rd8 21.
Nd6 Nce7 22. b3 b6 23. Bf2 Rb8 24. Bb5 Bb7 25. Nxb7 Rxb7 26. Ke2 Rc7 27. Rxc7
Nxc7 28. Bd3 Ncd5 29. Rc1 Rc8 30. Rxc8+ Nxc8 31. Kd2 h6 32. Be4 Nce7 33. a4 a6
34. Bd3 a5 35. Be4 Kf8 36. Kd3 g5 37. fxg5 hxg5 38. Kc4 Ke8 39. Bd4 Kd7 40. h4
gxh4 41. gxh4 Ng6 42. h5 Nh8 43. Bxd5 exd5+ 44. Kxd5 Kc7 45. e6 1-0

[Event "9eme Open International de La Fere"]
[Site "La Fere (FRA)"]
[Date "2010.??.??"]
[Round "3.32"]
[White "De Brouwere, Johan"]
[Black "Vernede, Victor"]
[Result "0-1"]
[WhiteElo "1835"]
[BlackElo "1671"]
[PlyCount "92"]
[EventDate "2010.??.??"]

1. d4 d5 2. Nf3 Nf6 3. Bf4 e6 4. e3 c5 5. c3 Nc6 6. Bd3 Qb6 7. Qc2 cxd4 8. exd4
Be7 9. O-O O-O 10. Nbd2 Bd7 11. Ne5 h6 12. Ndf3 Rac8 13. Qe2 Nxe5 14. Nxe5 a6
15. Nxd7 Nxd7 16. Rfe1 Bd6 17. Bxh6 gxh6 18. Qg4+ Kh8 19. Qh5 Kg7 20. Re3 Nf6
21. Qh4 Rh8 22. f4 Be7 23. f5 Rc6 24. Rae1 Kf8 25. fxe6 Rxe6 26. Rxe6 fxe6 27.
Qf4 Kf7 28. Qg3 Rg8 29. Qh3 h5 30. Re5 a5 31. Be2 a4 32. Bxh5+ Nxh5 33. Qxh5+
Rg6 34. Qh7+ Rg7 35. Qh5+ Kg8 36. Qe8+ Bf8 37. Rxe6 Qxb2 38. Re2 Qb1+ 39. Re1
Qg6 40. Qxg6 Rxg6 41. Rb1 Rg7 42. Rb5 Rc7 43. Rxd5 Rxc3 44. Rd8 Rc2 45. d5 Rxa2
46. d6 Rd2 0-1

[Event "9eme Open International de La Fere"]
[Site "La Fere (FRA)"]
[Date "2010.??.??"]
[Round "3.33"]
[White "Lorente, Philippe"]
[Black "Poulain, Andre"]
[Result "1/2-1/2"]
[WhiteElo "1632"]
[BlackElo "1815"]
[PlyCount "40"]
[EventDate "2010.??.??"]

1. d4 Nf6 2. c4 e5 3. dxe5 Ng4 4. Bf4 Nc6 5. Nf3 Bb4+ 6. Nbd2 Qe7 7. a3 Ncxe5
8. Nxe5 Nxe5 9. e3 Bxd2+ 10. Qxd2 d6 11. Be2 O-O 12. O-O b6 13. e4 Bb7 14. Qe3
Ng6 15. Bd3 Qf6 16. Bg3 Qxb2 17. f4 Rae8 18. f5 Rxe4 19. Bxe4 Re8 20. fxg6 hxg6
1/2-1/2

[Event "9eme Open International de La Fere"]
[Site "La Fere (FRA)"]
[Date "2010.??.??"]
[Round "3.34"]
[White "Fauchart, Francois"]
[Black "Biyidi, Thomas"]
[Result "0-1"]
[WhiteElo "1608"]
[BlackElo "1789"]
[PlyCount "100"]
[EventDate "2010.??.??"]

1. d4 g6 2. Nf3 Bg7 3. Bf4 d6 4. c3 Nf6 5. h3 O-O 6. Nbd2 Nfd7 7. e3 f6 8. Bc4+
Kh8 9. Be6 Ne5 10. dxe5 Bxe6 11. exd6 cxd6 12. Nd4 Bf7 13. Qg4 e5 14. O-O-O
exd4 15. exd4 Nc6 16. Qg3 d5 17. Rde1 Rc8 18. Kb1 b5 19. Re3 a5 20. Rhe1 b4 21.
Nb3 bxc3 22. bxc3 Qb6 23. Bd6 a4 24. Bxf8 axb3 25. Bxg7+ Kxg7 26. a3 Qa5 27.
Qd6 g5 28. Rf3 Bg6+ 29. Kb2 Nxd4 30. Qd7+ Bf7 31. Qxc8 Nc2 32. Kxb3 Nxe1 33.
Kb2 Qb5+ 34. Kc1 Qb3 35. Kd2 Nxf3+ 36. gxf3 Qb2+ 37. Ke3 Qc1+ 38. Ke2 d4 39. h4
Qc2+ 40. Kf1 h6 41. f4 Qd3+ 42. Kg1 dxc3 43. fxg5 hxg5 44. hxg5 fxg5 45. Qg4
Qd2 46. Qb4 Qe1+ 47. Kg2 Bd5+ 48. f3 Qe2+ 49. Kg1 Qe3+ 50. Kh2 Qf2+ 0-1

[Event "9eme Open International de La Fere"]
[Site "La Fere (FRA)"]
[Date "2010.??.??"]
[Round "3.35"]
[White "Navel, Jean-Yves"]
[Black "Bedu, Jean-Pierre"]
[Result "1-0"]
[WhiteElo "1776"]
[BlackElo "1640"]
[PlyCount "57"]
[EventDate "2010.??.??"]

1. e4 c6 2. d4 d5 3. Nd2 dxe4 4. Nxe4 Bf5 5. Ng3 Bg6 6. h4 h6 7. Nf3 Nd7 8. h5
Bh7 9. Bd3 Bxd3 10. Qxd3 Qc7 11. Bd2 Ngf6 12. O-O-O e6 13. Ne4 Nxe4 14. Qxe4
Bd6 15. Qg4 Rg8 16. g3 Nf6 17. Qh4 O-O-O 18. Bxh6 Ng4 19. Qxg4 gxh6 20. Qe4 Be7
21. Kb1 Bf6 22. c3 Rde8 23. Ne1 Qd7 24. Nd3 Qd5 25. Rde1 Qxe4 26. Rxe4 b6 27.
Rf4 Bd8 28. Rxf7 Bc7 29. Rf6 1-0

[Event "9eme Open International de La Fere"]
[Site "La Fere (FRA)"]
[Date "2010.??.??"]
[Round "3.36"]
[White "Guille, Nicolas"]
[Black "Pruvost, Alain"]
[Result "1/2-1/2"]
[WhiteElo "1775"]
[BlackElo "1623"]
[PlyCount "87"]
[EventDate "2010.??.??"]

1. e4 c5 2. Nf3 Qa5 3. Nc3 Nc6 4. d4 cxd4 5. Nxd4 e6 6. Nb3 Qc7 7. Qf3 a6 8.
Bf4 Bd6 9. Bxd6 Qxd6 10. Rd1 Qe5 11. a3 Nf6 12. Qg3 Qxg3 13. fxg3 b5 14. Nd4
Bb7 15. Be2 Ne5 16. Nf3 Nfg4 17. Nxe5 Nxe5 18. O-O Bc6 19. Rd4 Rb8 20. Nd1 a5
21. b4 axb4 22. Rxb4 Ke7 23. Nc3 Rb7 24. Nxb5 Rhb8 25. a4 Bxb5 26. Rxb5 Nc6 27.
Rfb1 Rxb5 28. Bxb5 Nd4 29. c4 Ne2+ 30. Kf2 Nc3 31. Re1 Ra8 32. Ra1 Nxe4+ 33.
Ke3 Nc5 34. Ra3 Ra5 35. Kd4 Kd6 36. Kc3 Kc7 37. Kb4 Kb6 38. Ra1 Nd3+ 39. Kc3
Ne5 40. Rd1 Kc7 41. Kb4 Ra7 42. c5 Nc6+ 43. Ka3 e5 44. Rd5 1/2-1/2

[Event "9eme Open International de La Fere"]
[Site "La Fere (FRA)"]
[Date "2010.??.??"]
[Round "3.37"]
[White "Biniaux, Michael"]
[Black "Tawegoum, Ivan"]
[Result "1/2-1/2"]
[WhiteElo "1772"]
[BlackElo "1601"]
[PlyCount "50"]
[EventDate "2010.??.??"]

1. d4 d5 2. e3 Nf6 3. Bd3 c5 4. c3 Nc6 5. dxc5 e5 6. b4 a5 7. Qa4 Bd7 8. b5 Nb8
9. Ba3 Qc8 10. Nd2 Bxc5 11. Ne2 O-O 12. O-O Bxa3 13. Qxa3 e4 14. Bc2 Bxb5 15.
c4 Bxc4 16. Nxc4 Qxc4 17. Nd4 Nc6 18. Nxc6 Qxc6 19. Rfc1 Qe6 20. Rab1 Rfb8 21.
Ba4 Qe5 22. Rc5 Rc8 23. Rcb5 Rcb8 24. Qc1 Rc8 25. Qe1 Rcb8 1/2-1/2

[Event "9eme Open International de La Fere"]
[Site "La Fere (FRA)"]
[Date "2010.??.??"]
[Round "3.38"]
[White "Caloone, Thomas"]
[Black "Swiercz, Sonia"]
[Result "1-0"]
[WhiteElo "1599"]
[BlackElo "1762"]
[PlyCount "73"]
[EventDate "2010.??.??"]

1. e4 c5 2. Nf3 e6 3. Nc3 a6 4. Be2 Nc6 5. O-O Qc7 6. d3 Nf6 7. Bg5 Be7 8. Bh4
b5 9. Bg3 Bd6 10. Bxd6 Qxd6 11. Qd2 Bb7 12. Qg5 e5 13. Nd5 Nxd5 14. exd5 Qxd5
15. Qxg7 O-O-O 16. c3 Rdg8 17. Qh6 Rg6 18. Qh3 Rhg8 19. Ne1 f5 20. f3 Qf7 21.
f4 R6g7 22. g3 exf4 23. Rxf4 Qe6 24. Bf3 Qe3+ 25. Kf1 Ne7 26. Bxb7+ Kxb7 27.
Qg2+ Ka7 28. Qe2 Nd5 29. Qxe3 Nxe3+ 30. Kf2 Re8 31. Rf3 Ng4+ 32. Kg1 Re2 33. h3
Nh2 34. Rf2 Rxf2 35. Kxf2 f4 36. gxf4 h5 37. Ng2 1-0

[Event "9eme Open International de La Fere"]
[Site "La Fere (FRA)"]
[Date "2010.??.??"]
[Round "3.39"]
[White "Roux, Jean-Francois"]
[Black "Vernadet, Cyril"]
[Result "0-1"]
[WhiteElo "1588"]
[BlackElo "1750"]
[PlyCount "126"]
[EventDate "2010.??.??"]

1. d4 e6 2. c4 Nf6 3. Nc3 Bb4 4. e3 d5 5. Nge2 O-O 6. a3 Be7 7. Ng3 b6 8. cxd5
exd5 9. Bd3 c5 10. dxc5 bxc5 11. Nf5 d4 12. Qf3 Bxf5 13. Bxf5 dxc3 14. Qxa8
cxb2 15. Bxb2 Qa5+ 16. Kd1 Rd8+ 17. Kc1 Qd2+ 18. Kb1 Qxf2 19. Bc2 Qxe3 20. Qxa7
Ne4 21. Bxe4 Qxe4+ 22. Ka2 Qc4+ 23. Kb1 Nc6 24. Qc7 Qe4+ 25. Ka2 Qe6+ 26. Kb1
Bf6 27. Bxf6 Qxf6 28. Ra2 Rb8+ 29. Kc1 Qc3+ 30. Rc2 Qe3+ 31. Rd2 Qxa3+ 32. Kd1
Qa4+ 33. Kc1 Qa1+ 34. Kc2 Nb4+ 35. Kb3 Qa8 36. Kc4 Re8 37. Rhd1 Qe4+ 38. Kb5 h6
39. Rd8 Qe2+ 40. Ka4 Kh7 41. Rxe8 Qxe8+ 42. Rd7 Nd5 43. Qd8 Nb6+ 44. Qxb6 Qxd7+
45. Qb5 Qd4+ 46. Kb3 f5 47. Qc4 Qe3+ 48. Qc3 Qxc3+ 49. Kxc3 f4 50. Kc4 Kg6 51.
Kxc5 Kf5 52. Kd4 g5 53. Kd3 g4 54. Ke2 Ke4 55. Kf1 h5 56. Kf2 Kd3 57. h3 Kd2
58. h4 Kd3 59. g3 fxg3+ 60. Kxg3 Ke3 61. Kg2 Kf4 62. Kf2 g3+ 63. Kg2 Kg4 0-1

[Event "9eme Open International de La Fere"]
[Site "La Fere (FRA)"]
[Date "2010.??.??"]
[Round "3.41"]
[White "Van Poucke, Anthony"]
[Black "Debevere, Francois-Xavier"]
[Result "1/2-1/2"]
[WhiteElo "1581"]
[BlackElo "1740"]
[PlyCount "76"]
[EventDate "2010.??.??"]

1. e4 d5 2. exd5 Qxd5 3. Nc3 Qa5 4. d4 Nd7 5. Nf3 Ngf6 6. Bd2 c6 7. Ne4 Qc7 8.
Nxf6+ Nxf6 9. Ne5 Bf5 10. Bc4 e6 11. Be3 Bd6 12. Nf3 O-O 13. Bd3 Rfe8 14. Bxf5
Qa5+ 15. Qd2 Qxd2+ 16. Nxd2 exf5 17. Nc4 Bc7 18. O-O-O b5 19. Na3 Ng4 20. Rde1
f4 21. Bd2 Nxf2 22. Rxe8+ Rxe8 23. Rf1 Ng4 24. Bxf4 Bxf4+ 25. Rxf4 Nxh2 26. Kd2
g5 27. Rf5 h6 28. Rf6 Re6 29. Rxe6 fxe6 30. Ke2 Kf8 31. c4 a6 32. b3 Ng4 33.
Nc2 a5 34. cxb5 cxb5 35. Na3 b4 36. Nc4 Nf6 37. Nxa5 Nd5 38. Nc6 h5 1/2-1/2

[Event "9eme Open International de La Fere"]
[Site "La Fere (FRA)"]
[Date "2010.??.??"]
[Round "3.42"]
[White "Oziol, Joris"]
[Black "Barbry, Quentin"]
[Result "1/2-1/2"]
[WhiteElo "1730"]
[BlackElo "1565"]
[PlyCount "49"]
[EventDate "2010.??.??"]

1. c4 e5 2. Nc3 Nc6 3. Nf3 Bc5 4. g3 Nf6 5. Bg2 d6 6. O-O O-O 7. e3 Bg4 8. Qc2
Qd7 9. a3 a5 10. Nd5 Nxd5 11. cxd5 Ne7 12. Nxe5 dxe5 13. Qxc5 b6 14. Qc4 Rad8
15. e4 c6 16. b3 cxd5 17. exd5 Bf5 18. Bb2 Qd6 19. Rfe1 f6 20. a4 Kh8 21. Ba3
Qd7 22. Bxe7 Qxe7 23. f4 Qd6 24. fxe5 fxe5 25. Qc3 1/2-1/2

[Event "9eme Open International de La Fere"]
[Site "La Fere (FRA)"]
[Date "2010.??.??"]
[Round "3.43"]
[White "Blondel, Francis"]
[Black "Van Poucke, Philippe"]
[Result "0-1"]
[WhiteElo "1576"]
[BlackElo "1730"]
[PlyCount "103"]
[EventDate "2010.??.??"]

1. d4 d5 2. c4 c6 3. Nf3 Nf6 4. Qc2 g6 5. g3 Bg7 6. Bg2 O-O 7. O-O Re8 8. b3
Na6 9. a3 Bf5 10. Qd1 Be4 11. Bb2 Qb6 12. c5 Qd8 13. e3 b6 14. Qe2 Nc7 15. Ne5
bxc5 16. dxc5 Qb8 17. Nd2 Bxg2 18. Kxg2 Qb7 19. b4 Ne6 20. Rab1 Qc7 21. Qa6
Rac8 22. Nb3 Ne4 23. f4 f6 24. Nf3 Qd7 25. Nbd2 Nc7 26. Qd3 Nxd2 27. Nxd2 e5
28. Ne4 Qf5 29. Nf2 Qe6 30. Qd1 Rcd8 31. h4 f5 32. Nh3 exf4 33. Nxf4 Qxe3 34.
Bxg7 Kxg7 35. Qa4 Nb5 36. Rf3 Qe4 37. Rbf1 Nd4 38. Qxa7+ Kg8 39. Qc7 Nxf3 40.
Rxf3 d4 41. h5 g5 42. h6 Qe5 43. Qxe5 Rxe5 44. Nd3 Re3 45. Rxe3 dxe3 46. Nc1 g4
47. Ne2 Ra8 48. Nd4 Rxa3 49. Nxc6 Rb3 50. Ne7+ Kf7 51. Nxf5 Rb2+ 52. Kf1 0-1

[Event "9eme Open International de La Fere"]
[Site "La Fere (FRA)"]
[Date "2010.??.??"]
[Round "3.44"]
[White "Durot, Edwige"]
[Black "Devaux, Jean-Marc"]
[Result "1-0"]
[WhiteElo "1721"]
[BlackElo "1560"]
[PlyCount "97"]
[EventDate "2010.??.??"]

1. e4 e6 2. d4 d5 3. Nd2 c5 4. dxc5 Bxc5 5. Nb3 Bxf2+ 6. Kxf2 Qh4+ 7. g3 Qxe4
8. Bg2 Qf5+ 9. Nf3 Nc6 10. Rf1 Nf6 11. Kg1 Qg4 12. Nfd4 Qxd1 13. Rxd1 O-O 14.
c3 Ne5 15. Nb5 Ne8 16. Bf4 Nc4 17. Rab1 Bd7 18. Nc7 Nxc7 19. Bxc7 Ne3 20. Rd2
Nxg2 21. Kxg2 Bc6 22. Nd4 Bd7 23. Re1 Rac8 24. Bd6 Rfe8 25. Rde2 a5 26. Re3 a4
27. h4 h6 28. Kf2 g6 29. Kf3 Kg7 30. Kg2 h5 31. Rf1 f6 32. Ref3 f5 33. Re3 Rc4
34. Rfe1 Kf7 35. Kf3 Rxd4 36. cxd4 Rc8 37. Bc5 Kf6 38. Kf4 Rc6 39. Rc3 Kf7 40.
Rec1 b5 41. Bb4 Rc4 42. Rxc4 dxc4 43. b3 axb3 44. axb3 cxb3 45. Rb1 Bc6 46.
Rxb3 Bd5 47. Rc3 Bc4 48. Kg5 Kg7 49. Bd6 1-0

[Event "9eme Open International de La Fere"]
[Site "La Fere (FRA)"]
[Date "2010.??.??"]
[Round "3.45"]
[White "Delias, Gerard"]
[Black "Brelot, Loic"]
[Result "1/2-1/2"]
[WhiteElo "1512"]
[BlackElo "1706"]
[PlyCount "106"]
[EventDate "2010.??.??"]

1. c4 e6 2. e4 d5 3. exd5 exd5 4. d4 Nf6 5. Nf3 Be7 6. Bd3 O-O 7. O-O dxc4 8.
Bxc4 Bg4 9. Be3 c6 10. h3 Bh5 11. Nbd2 Nbd7 12. Qc2 Bg6 13. Bd3 Bxd3 14. Qxd3
Nb6 15. Qc2 Nbd5 16. Rfe1 Qc7 17. Nb3 Rfe8 18. a3 Bd6 19. Bg5 Bf4 20. Bxf4 Qxf4
21. Nc5 Qc7 22. Qd2 Rad8 23. Rxe8+ Rxe8 24. Re1 Rxe1+ 25. Qxe1 h6 26. Qe5 Qc8
27. b4 b6 28. Ne4 Nxe4 29. Qxe4 Nf6 30. Qe5 Qa6 31. Qe3 Qc4 32. Ne5 Qc2 33. Qf3
c5 34. dxc5 bxc5 35. bxc5 Qxc5 36. Qe3 Qc7 37. Nf3 a5 38. Nh4 a4 39. Nf5 Qd7
40. Qf3 Qe6 41. Nd4 Qc4 42. Qe3 Qa2 43. Qc3 Qb1+ 44. Kh2 Qb8+ 45. Kg1 Ne4 46.
Qc2 Qa8 47. Nb5 Nf6 48. Qc4 Qa6 49. Qd3 Qe6 50. Qd8+ Kh7 51. Qd3+ Kg8 52. Qd8+
Kh7 53. Qd3+ Kg8 1/2-1/2

[Event "9eme Open International de La Fere"]
[Site "La Fere (FRA)"]
[Date "2010.??.??"]
[Round "3.46"]
[White "Dernoncourt, Christophe"]
[Black "Rech, Thomas"]
[Result "1-0"]
[WhiteElo "1706"]
[BlackElo "1290"]
[PlyCount "109"]
[EventDate "2010.??.??"]

1. d4 d5 2. c4 dxc4 3. Nc3 Nf6 4. e4 e6 5. a3 b6 6. Bg5 Be7 7. Nf3 Bb7 8. Bxf6
Bxf6 9. Bxc4 g6 10. Bb5+ Bc6 11. Qa4 Bxb5 12. Nxb5 Nc6 13. Nxa7 Rxa7 14. Qxc6+
Qd7 15. Qxd7+ Kxd7 16. O-O Rd8 17. Rfd1 Ke7 18. e5 Bg7 19. Rac1 Bh6 20. Rc3 Rb7
21. b4 b5 22. g4 Bf4 23. g5 h6 24. h4 h5 25. Re1 Bd2 26. Nxd2 Rxd4 27. Nf3 Rd5
28. Rec1 Kd7 29. Kf1 Ra7 30. Ke2 Rb7 31. Rc5 Rxc5 32. Rxc5 c6 33. Nd4 Rb6 34.
Kd3 Ra6 35. Nc2 Kc7 36. Kc3 Ra8 37. f4 Kb7 38. Kb2 Rd8 39. Kc3 Ra8 40. Kd3 Ra6
41. Ke4 Rb6 42. Rc3 Ra6 43. Rd3 Kc7 44. Ke3 Ra8 45. Ne1 Ra6 46. Nf3 Ra8 47. Nh2
Ra6 48. Nf1 Ra8 49. Ng3 Rb8 50. Ne4 Ra8 51. Nf6 Rd8 52. Rxd8 Kxd8 53. Kd4 Kc8
54. Kc5 Kc7 55. Ng8 1-0

[Event "9eme Open International de La Fere"]
[Site "La Fere (FRA)"]
[Date "2010.??.??"]
[Round "3.47"]
[White "Gosset, Hugo"]
[Black "Huyet, Yannick"]
[Result "0-1"]
[WhiteElo "1400"]
[BlackElo "1700"]
[PlyCount "104"]
[EventDate "2010.??.??"]

1. e4 e6 2. d4 d5 3. e5 c5 4. c3 Nc6 5. Nf3 Qb6 6. a3 cxd4 7. cxd4 Bd7 8. Nc3
Nge7 9. b4 Nf5 10. Be3 Nxe3 11. fxe3 Be7 12. Be2 O-O 13. O-O Rac8 14. Na4 Qd8
15. Nc5 Bxc5 16. bxc5 Qa5 17. Qb3 Rb8 18. Qc2 h6 19. Qd2 Qc7 20. Rab1 b6 21.
cxb6 Rxb6 22. Bb5 Rfb8 23. Qd3 Ne7 24. Bxd7 Qxd7 25. Rxb6 Rxb6 26. Rc1 Qb7 27.
Qc2 Rc6 28. Qd1 Rxc1 29. Qxc1 Qb3 30. Ne1 Nf5 31. Nc2 f6 32. exf6 gxf6 33. Kf2
Qc3 34. Qb1 Qd2+ 35. Kg1 Nxe3 36. Nxe3 Qxe3+ 37. Kh1 Kg7 38. Qb7+ Kg6 39. Qb1+
Kg5 40. Qf1 Qxd4 41. Qc1+ Qf4 42. h4+ Kf5 43. Qc2+ Qe4 44. Qf2+ Ke5 45. Qg3+
Qf4 46. Qc3+ Kf5 47. Qd3+ Qe4 48. Qh3+ Kg6 49. Qg3+ Kh5 50. Kg1 d4 51. Qh3 Qe3+
52. Qxe3 dxe3 0-1